| 000 | 00394nam a2200169Ia 4500 | ||
|---|---|---|---|
| 008 | 221030s9999 xx 000 0 und d | ||
| 020 | _a8131800385 | ||
| 041 | _aEnglish | ||
| 082 | _a105.23 | ||
| 100 | _aS. Maheshwari | ||
| 245 | 0 | _aIntroduction To SQL & PL / SQL | |
| 260 |
_bFirewall Media _aNew Delhi _c2007 |
||
| 300 | _a389 | ||
| 650 | _aComputers | ||
| 700 | _aR. Jain | ||
| 942 | _cBK | ||
| 999 |
_c5432 _d5432 |
||